Central Library OPAC University of Rajshahi

Organic chemistry / (Record no. 74911)

MARC details
000 -LEADER
fixed length control field 01050nam a2200313 a 4500
001 - CONTROL NUMBER
control field 74911
003 - CONTROL NUMBER IDENTIFIER
rucl marc code BD-RjUL
005 - DATE AND TIME OF LATEST TRANSACTION
control field 20211209082623.0
008 - FIXED-LENGTH DATA ELEMENTS--GENERAL INFORMATION
fixed length control field 181220t20182017njua 001 0 eng d
020 ## - INTERNATIONAL STANDARD BOOK NUMBER
International Standard Book Number 9789332578586
035 ## - SYSTEM CONTROL NUMBER
System control number (BD-RjUL)75129
040 ## - CATALOGING SOURCE
Original cataloging agency DLC
Language of cataloging eng
Transcribing agency DLC
Modifying agency YDX
-- BTCTA
-- YDXCP
-- CDX
-- NLE
-- UKM
-- DEBBG
-- HTM
-- FUG
-- BDX
-- KASET
-- GGN
-- OCLCF
-- OCLCO
-- OCLCQ
-- OCLCO
-- QGK
-- CGN
-- VPI
-- BD-RjUL
041 ## - LANGUAGE CODE
Language code of text/sound track or separate title eng
049 ## - LOCAL HOLDINGS (OCLC)
Holding library MYGG
082 00 - DEWEY DECIMAL CLASSIFICATION NUMBER
Classification number 547
Edition number 22
Author mark and year WAO 2018
100 1# - MAIN ENTRY--PERSONAL NAME
Personal name Wade, Leroy G.,
Dates associated with a name 1947-
9 (RLIN) 226231
245 10 - TITLE STATEMENT
Title Organic chemistry /
Statement of responsibility, etc. Leroy G. Wade
250 ## - EDITION STATEMENT
Edition statement 8th ed. , Indian edition
260 ## - PUBLICATION, DISTRIBUTION, ETC. (IMPRINT)
Place of publication, distribution, etc. Upper Saddle River, NJ ;
-- New Delhi :
Name of publisher, distributor, etc. Pearson Prentice Hall,
Date of publication, distribution, etc. c2017 [impression 2018]
300 ## - PHYSICAL DESCRIPTION
Pagination 1278 pages :
Illustrations illustrations ;
Size 25 cm
336 ## - CONTENT TYPE
Content type term text
Content type code txt
Source rdacontent
337 ## - MEDIA TYPE
Media type term unmediated
Media type code n
Source rdamedia
338 ## - CARRIER TYPE
Carrier type term volume
Carrier type code nc
Source rdacarrier
500 ## - GENERAL NOTE
General note Includes index.
650 #0 - SUBJECT ADDED ENTRY--TOPICAL TERM
Topical term or geographic name as entry element Chemistry, Organic
Form subdivision Textbooks.
9 (RLIN) 226232
942 ## - ADDED ENTRY ELEMENTS (KOHA)
Source of classification or shelving scheme Dewey Decimal Classification
Koha item type Books
Holdings
Lost status Source of classification or shelving scheme Damaged status Not for loan Collection code Permanent Location Current Location Shelving location Date acquired Source of acquisition Cost, normal purchase price Total Checkouts Full call number Date last seen Copy number Koha item type
  Dewey Decimal Classification   Not For Loan Non-fiction Central Library, University of Rajshahi Central Library, University of Rajshahi Reading Room 19/11/2018 Orbital International, Dhaka 728.19   547 WAO 2018 20/12/2018 C-1 Books